000 00715nam a2200241Ia 4500
003 OSt
005 20220923225036.0
006 a|||||r|||| 00| 0
007 ta
008 220922b |||||||| |||| 00| 0 hin d
024 _a255,610
037 _cTextual
040 _aARTS
_cARTS
_bhin
041 _2hin
_ahin
082 _aP15,Cx1,1,3,2:g, 15K5
100 _aशास्त्री
_9156277
245 0 _aकाशिकावृत्ति
246 _aKāshikāvṛutti
260 _aवाराणसी
_b भारती भवन
_c1965
300 _a644पृ.
_ccm.
942 _hP15,Cx1,1,3,2:g, 15K5
_cTEXL
_2CC
999 _c375602
_d375602